Вып. 30; Геофизическая аппаратура

Podrobná bibliografie
Parent link:Геофизическая аппаратура: [сборник статей]/ Особое конструкторское бюро. Вып. 30.— , 1957-
Další autoři: Викулин Б. К. (редактор), Чашник В. М.
Jazyk:ruština
Vydáno: 1966
Témata:
Médium: MixedMaterials Kniha
KOHA link:https://koha.lib.tpu.ru/cgi-bin/koha/opac-detail.pl?biblionumber=276910

MARC

LEADER 00000nam2a2200000 4500
001 276910
005 20231101234951.0
035 |a (RuTPU)RU\TPU\book\300183 
035 |a RU\TPU\book\300182 
090 |a 276910 
100 |a 20141126d1966 k y0rusy50 ca 
101 0 |a rus 
102 |a RU 
105 |a a z 001zy 
200 0 |a Вып. 30 
210 |d 1966 
215 |a 186 с.  |c ил.  |e граф. 
320 |a Библиогр. в конце ст. 
461 1 |0 (RuTPU)RU\TPU\book\86689  |t Геофизическая аппаратура  |o [сборник статей]  |f Особое конструкторское бюро  |v Вып. 30  |d 1957-  
606 1 |a Геофизическое оборудование  |2 stltpush  |3 (RuTPU)RU\TPU\subj\6283  |9 34208 
610 1 |a геофизическая скважинная аппаратура 
610 1 |a магнитометрия 
610 1 |a электроразведка 
610 1 |a радиометрия 
610 1 |a геофизическое приборостроение 
675 |a 550.83.07  |v 3 
702 1 |a Викулин  |b Б. К.  |4 651 
702 1 |a Чашник  |b В. М.  |4 340 
801 1 |a RU  |b 63413507  |c 20050205  |g PSBO 
801 2 |a RU  |b 63413507  |c 20210803  |g PSBO 
942 |c BK